000 00606nam a2200229Ia 4500
003 OSt
005 20221007064957.0
006 a|||||r|||| 00| 0
007 ta
008 221006b |||||||| |||| 00| 0 eng d
024 _a12,585
037 _cTextual
040 _aFLL
_cFLL
_beng
041 _2eng
_aeng
082 _aV236:1:M3, L2
100 _aGarrett H.L.O. Ed.
_9686492
245 0 _aHistory of the sikhs
260 _aDelhi
_bS.Chand & Co. India
_c1972
300 _axxv,402p
_ccm.
942 _hV236:1:M3, L2
_cTEXL
_2CC
999 _c1135934
_d1135934